000 nam a22 7a 4500
999 _c312
_d312
005 20170503105424.0
008 170503b1985 xxu||||| |||| 00| 0 eng d
020 _a0395356539
040 _aAKMAL
245 _aBASIC
_ba guide to structured programming /
_cThomas A. Dwyer ... [et al.].
260 _aBoston
_bHoughton Mifflin Co.,
_cc1985.
300 _ccm
599 _aDALAM PROSES
700 1 _aDwyer, Thomas A.
_9710
852 _a British Library
_bDSC
942 _2ddc
_cBOOK